Southville International School and Colleges
Your cart is empty.
  • Cart
  • Lists
    Public lists list_1 View all
    Your lists Log in to create your own lists
  • Log in to your account
  • Your cookies
  • Search history
Southville International School and Colleges
  • Advanced search
  • Recent comments
  • Most popular
  • Libraries

Log in to your account

Log in with GOOGLE


If you do not have an external account, but do have a local account, you can still log in:

  1. Home
  2. MARC view: Employing Search Engine Optimization Techniques in Online News Articles
Normal view MARC view ISBD view

Employing Search Engine Optimization Techniques in Online News Articles (Record no. 308917)

[ view plain ]
MARC details
000 -LEADER
fixed length control field 00512nam a2200157Ia 4500
008 - FIXED-LENGTH DATA ELEMENTS--GENERAL INFORMATION
fixed length control field 170221s9999 xx 000 0 und d
100 ## - MAIN ENTRY--PERSONAL NAME
Personal name Dimitrios Giomelakis
245 ## - TITLE STATEMENT
Title Employing Search Engine Optimization Techniques in Online News Articles
245 ## - TITLE STATEMENT
Statement of responsibility, etc Dimitrios Giomelakis, Andreas Veglis
260 ## - PUBLICATION, DISTRIBUTION, ETC. (IMPRINT)
Name of publisher, distributor, etc Studies in Media and Communication
260 ## - PUBLICATION, DISTRIBUTION, ETC. (IMPRINT)
Date of publication, distribution, etc 2013
300 ## - PHYSICAL DESCRIPTION
Extent XI : 2
650 ## - SUBJECT ADDED ENTRY--TOPICAL TERM
General subdivision Communication
650 ## - SUBJECT ADDED ENTRY--TOPICAL TERM
General subdivision Media Arts
856 ## - ELECTRONIC LOCATION AND ACCESS
Uniform Resource Identifier <a href="http://redfame.com/journal/index.php/smc/issue/view/31">http://redfame.com/journal/index.php/smc/issue/view/31</a>
Holdings
Withdrawn status Lost status Damaged status Home library Current library Date acquired Total Checkouts Date last seen Price effective from Koha item type
      College Library College Library 02/21/2017   02/21/2017 02/21/2017 Foreign e-journal articles

Employing Search Engine Optimization Techniques in Online News Articles

APA

Dimitrios Giomelakis, .Employing Search Engine Optimization Techniques in Online News Articles. : Studies in Media and Communication.

Chicago

Dimitrios Giomelakis, .Employing Search Engine Optimization Techniques in Online News Articles. : Studies in Media and Communication.

Harvard

Dimitrios Giomelakis, .Employing Search Engine Optimization Techniques in Online News Articles. : Studies in Media and Communication.

MLA

Dimitrios Giomelakis, .: Studies in Media and Communication. .

  • Place hold
  • Print
  • Cite
  • Add to your cart (remove)
  • Save record
    BIBTEX Dublin Core MARCXML MARC (non-Unicode/MARC-8) MARC (Unicode/UTF-8) MARC (Unicode/UTF-8, Standard) MODS (XML) RIS
  • More searches
    Search for this title in:
    Other Libraries (WorldCat) Other Databases (Google Scholar) Online Stores (Bookfinder.com) Open Library (openlibrary.org)

Exporting to Dublin Core...

SOUTHVILLE LIBRARY

Southville International School and Colleges Library

1281 Tropical Ave. Cor. Luxembourg St., BF Homes International, Las Pinas City

Tel. No. 8256374 / 252358 Loc. 117/146

Powered by Koha